000 00442nam a2200181Ia 4500
008 210210b1949 xxu||||| |||| 00| 0 eng d
041 _aeng
082 _a425/286
100 _aTHORNTON (G H)
245 _aTeach yourself good English
260 _aLondon
_bThe English Universities Press Ltd.
_c1949
650 _ayourself
650 _aTeach
650 _agood
650 _aEnglish
690 _aEnglish Language
906 _a006062
999 _c129096
_d129096